al-Mujtamaʻ al-ʻArabī /

محفوظ في:

مؤلف مشترك: American University of Beirut.‪ Department of Arabic.

مؤلفون آخرون: Hāshim, Ḥikmat

التنسيق: كتاب

اللغة: Arabic

منشور في: Bayrūt : Maṭbaʻat Qilfāṭ, 1953.

الموضوعات:

الوسوم: إضافة وسم

لا توجد وسوم, كن أول من يضع وسما على هذه التسجيلة!

رقم الطلب: DS38 .M9 1953

LEADER 01388nam a2200265Ia 4500
003 OSt
005 20230326090325.0
008 130303s1953 le g 000 0 ara d
952 |0 0  |1 0  |2 lcc  |4 0  |6 DS0038 M9 01953  |7 1  |9 45812  |a ARCE  |b ARCE  |d 2023-03-26  |l 0  |o DS38 .M9 1953  |p 1006756  |r 2023-03-26 00:00:00  |w 2023-03-26  |y BK 
999 |c 27496  |d 27496 
040 |c ARCE Library 
043 |a ma----- 
050 4 |a DS38 .M9 1953 
245 0 3 |6 880-02  |a al-Mujtamaʻ al-ʻArabī /   |c bi-qalam Ḥikmat Hāshim, Qusṭanṭīn Zurayq, ʻAfīf Ṭannūs, Ḥannā Rizq ; ashrafat ʻalá ikhrājihi Hayʼat al-Dirāsāt al-ʻArabīyah fī al-Jāmiʻah al-Amīrikīyah. 
264 1 |a Bayrūt :   |b Maṭbaʻat Qilfāṭ,   |c 1953. 
300 |a 8, 108 pages ;  |c 25 cm. 
500 |a "ʻAn Majallat al-Abḥāth ; al-ʻadad al-Thānī min al-sanah al-sādisah." --T.p. 
504 |a Includes bibliographical references. 
651 0 |a Arab countries  |x Social conditions.  
700 1 |a Hāshim, Ḥikmat, 
710 2 |a American University of Beirut.‪  |b Department of Arabic. 
880 1 |6 100-01/(3/r  |a حكمت، هاشم 
880 1 2 |6 245-02/(3/r  |a المجتمع العربي   |c  بقلم حكمة هاشم, قسطنطين زريق, عفيف طنوس, حنا رزق ؛ أشرفت على إخراجه هيئة الدراسات العربية في الجامعة الأميركية.  
901 |a reviewed 
942 |c BK  |2 lcc